| Tag |
First Indicator |
Second Indicator |
Subfields |
| LEADER |
00000cam a2200000 4500 |
| 001 |
in00000664021 |
| 005 |
20151015092644.0 |
| 008 |
790723r19751892miuabch b 00010 eng u |
| 035 |
|
|
|a (OCoLC)05201218
|
| 035 |
|
|
|9 ACY7034AM
|
| 040 |
|
|
|c CCH
|d TXA
|d UtOrBLW
|
| 049 |
|
|
|a TXAI
|
| 090 |
|
|
|a F880
|b .B7
|
| 099 |
|
|
|a fiche
|a C
|a 3023
|
| 100 |
1 |
|
|a Brown, James Henry.
|
| 245 |
1 |
0 |
|a Brown's political history of Oregon :
|b [v. 1] /
|c By J. Henry Brown.
|
| 264 |
|
1 |
|a Portland, Or. :
|b W. B. Allen,
|c 1892.
|
| 300 |
|
|
|a viii, 462 pages :
|b illustrations, facsimiles, map, portrait
|
| 336 |
|
|
|a text
|b txt
|2 rdacontent
|
| 337 |
|
|
|a microform
|b h
|2 rdamedia
|
| 338 |
|
|
|a microfiche
|b he
|2 rdacarrier
|
| 500 |
|
|
|a "No more published."
|
| 500 |
|
|
|a Microfiche. Ann Arbor, Mich., Xerox University Microfilms, 1975. 6 sheets. 10.5 x 14.8 cm.
|
| 500 |
|
|
|a (Western Americana 18006)
|
| 505 |
0 |
|
|a v. 1. Provisional government.
|
| 500 |
|
|
|a Microform.
|
| 651 |
|
0 |
|a Oregon Territory
|x History.
|
| 651 |
|
0 |
|a Oregon
|x Politics and government.
|
| 651 |
|
0 |
|a Northwest boundary of the United States.
|
| 999 |
|
|
|a MARS
|
| 999 |
f |
f |
|s 17bde4d6-7451-3e0c-b835-477ec5502efc
|i a992362f-b21f-391e-a21c-855484fc1a61
|t 0
|
| 952 |
f |
f |
|p normal
|a Texas A&M University
|b College Station
|c Sterling C. Evans Library
|d Evans: Microforms (3rd floor)
|t 0
|e fiche C 3023
|h Other scheme
|i microform -- microfiche
|m A14821684549
|
| 998 |
f |
f |
|a fiche C 3023
|t 0
|l Evans: Microforms (3rd floor)
|